Online Catalogue and eLibrary

Mahakavi bharathiyin kannan paddalkalum vilakka uraikalum (Record no. 4051)

MARC details
000 -LEADER
fixed length control field 00439nam a2200145Ia 4500
005 - DATE AND TIME OF LATEST TRANSACTION
control field 20250318132206.0
008 - FIXED-LENGTH DATA ELEMENTS--GENERAL INFORMATION
fixed length control field 240331s9999 xx 000 0 und d
082 ## - DDC Classification
Item Number - Author Mark KAN
Class No. 894
100 ## - MAIN ENTRY--PERSONAL NAME
Personal name Kandaswamy K. I
245 #0 - TITLE STATEMENT
Title Mahakavi bharathiyin kannan paddalkalum vilakka uraikalum
260 ## - PUBLICATION, DISTRIBUTION, ETC.
Place of publication, distribution, etc. Chennai
Name of publisher, distributor, etc. Manimegalai Pirasuraam
Date of publication, distribution, etc. 2005
300 ## - PHYSICAL DESCRIPTION
Extent (e.g. Volumes, Pages etc.) XXX, 154 P .,
500 ## - GENERAL NOTE
General note MahaKavi Bharathiyin Kannan Paadalkalum Vilakkaooraium
942 ## - Koha item type (Biblio)
Koha item type Books in Stacks (Lending)
Holdings
Lost status Damaged status Collection code Home library Current library Shelving location Date acquired Full call number Accession Number Item type
    Lending WERC Library WERC Library Social Science Cupboard 03/31/2024 894.811 KAN 5509 Books in Stacks (Lending)

© WERC Library